000 00681nam a22001817a 4500
999 _c167667
_d167667
005 20190916154955.0
010 _aENG-126478
020 _c495.00
_a978-93-80458-18-2
035 _aEN-110010
037 _bDBAD/PUB
082 _a649
100 _aKabra , Roopnarain
245 _aHandling Children the Rightway :
_cby Roopnarain Kabra
_bEnlightrning parents and teachers to co-ordinate and help children bloom themselves
260 _aNew Delhi
_bSamayik Books
_c2019
270 _bNew Delhi
_a3320-21 Jatwara, Dariyaganj ,N.S. Marg
_e110002
_msamayikprakashan@gmail.com
_k07065507086 , 09868934715
300 _a159p.
_c22cm(Hbk)
942 _2ddc
_cEN
_h649
_mKAB